[Event "HZ Chess Tournament 2022"]
[Site "Vlissingen, Netherlands"]
[Date "2022.08.13"]
[Round "9.27"]
[White "Van der Hagen, Loek"]
[Black "Bleeker, Kasper"]
[Result "1/2-1/2"]
[WhiteElo "2135"]
[BlackElo "1823"]
[PlyCount "28"]

1. d4 f5 2. Nf3 Nf6 3. g3 g6 4. Bg2 Bg7 5. c4 O-O 6. b4 Nc6 7. Qb3 d5 8. O-O
Be6 9. c5 Ne4 10. Bb2 Bf7 11. Rd1 a5 12. a3 b6 13. cxb6 cxb6 14. Nc3 axb4
1/2-1/2

[Event "HZ Chess Tournament 2022"]
[Site "Vlissingen, Netherlands"]
[Date "2022.08.13"]
[Round "9.28"]
[White "Boeren, Jurriaan"]
[Black "Koffeman, Timo"]
[Result "1/2-1/2"]
[WhiteElo "1840"]
[BlackElo "2119"]
[PlyCount "44"]

1. e4 c5 2. Nf3 e6 3. d4 cxd4 4. Nxd4 Nc6 5. Nc3 Nf6 6. Ndb5 Bb4 7. a3 Bxc3+ 8.
Nxc3 d5 9. exd5 exd5 10. Bd3 O-O 11. O-O d4 12. Ne2 Bg4 13. f3 Bh5 14. Bg5 Bg6
15. Bh4 Re8 16. Bf2 Bxd3 17. Qxd3 Ne5 18. Qb3 d3 19. Nd4 dxc2 20. Nxc2 Qd3 21.
Qxd3 Nxd3 22. Rad1 Nxf2 1/2-1/2

[Event "HZ Chess Tournament 2022"]
[Site "Vlissingen, Netherlands"]
[Date "2022.08.13"]
[Round "9.29"]
[White "Wilgenhof, Otto"]
[Black "Galle, Andre"]
[Result "1-0"]
[WhiteElo "2170"]
[BlackElo "1999"]
[PlyCount "85"]

1. d4 Nf6 2. Nf3 b6 3. g3 Bb7 4. Bg2 e6 5. c4 Be7 6. O-O O-O 7. Nc3 Ne4 8. Qd3
Nxc3 9. Qxc3 c5 10. Rd1 cxd4 11. Nxd4 Bxg2 12. Kxg2 Qc8 13. b3 Nc6 14. Be3 Bf6
15. Rac1 Qb7 16. f3 Rfd8 17. Qd2 Rac8 18. Kf2 d5 19. Nxc6 Rxc6 20. Bg5 Qe7 21.
Bxf6 Qxf6 22. cxd5 Rxc1 23. Qxc1 exd5 24. Qc7 a5 25. e4 Re8 26. exd5 Qb2+ 27.
Kg1 h5 28. d6 Re2 29. Qc8+ Kh7 30. Qh3 Qe5 31. Qf1 Rxa2 32. Qd3+ g6 33. Qd5 Qe2
34. Qxf7+ Kh8 35. Qf8+ Kh7 36. Qe7+ Qxe7 37. dxe7 Re2 38. Rd7 Kh6 39. Kf1 Re6
40. f4 b5 41. f5 gxf5 42. Rd6 Rxd6 43. e8=Q 1-0

[Event "HZ Chess Tournament 2022"]
[Site "Vlissingen, Netherlands"]
[Date "2022.08.13"]
[Round "9.30"]
[White "Bui, Bao Anh Le"]
[Black "Hoffman, Ron"]
[Result "1-0"]
[WhiteElo "2159"]
[BlackElo "1999"]
[PlyCount "65"]

1. e4 c5 2. Nf3 Nc6 3. Bb5 g6 4. O-O Bg7 5. Bxc6 dxc6 6. d3 Nf6 7. h3 Nd7 8.
Nc3 e5 9. Be3 b6 10. Qd2 h6 11. Nh2 Nf8 12. a4 a5 13. f4 exf4 14. Rxf4 Ne6 15.
Rf2 Nd4 16. Raf1 Be6 17. Ng4 f5 18. Nxh6 Qh4 19. exf5 gxf5 20. Nxf5 Bxf5 21.
Rxf5 Nxf5 22. Rxf5 O-O-O 23. Ne4 Bd4 24. Bxd4 Rxd4 25. Rf4 Qe7 26. Qf2 Rhd8 27.
b3 R8d7 28. Rf8+ Rd8 29. Qf5+ R4d7 30. Rf7 Qh4 31. Rxd7 Rxd7 32. Nf6 Qd4+ 33.
Kh2 1-0

[Event "HZ Chess Tournament 2022"]
[Site "Vlissingen, Netherlands"]
[Date "2022.08.13"]
[Round "9.31"]
[White "Tibke, Jonas"]
[Black "Matsumura, Cocoro"]
[Result "1-0"]
[WhiteElo "1961"]
[BlackElo "2148"]
[PlyCount "77"]

1. e4 c5 2. c3 d5 3. exd5 Qxd5 4. d4 Nc6 5. Nf3 Nf6 6. Be2 Bg4 7. O-O e6 8. Na3
cxd4 9. Nb5 Rc8 10. Nfxd4 Bxe2 11. Qxe2 Nxd4 12. Nxd4 Qc4 13. Qf3 Nd5 14. Rd1
g6 15. Qh3 Bg7 16. Bh6 O-O 17. Bxg7 Kxg7 18. Qg3 Qc7 19. Qf3 Qe5 20. Re1 Qf6
21. Qe4 a6 22. Rad1 b5 23. Rd3 Qf4 24. Qe2 Rce8 25. Rf3 Qd6 26. Qd2 Rd8 27. Re4
Rh8 28. h4 e5 29. h5 exd4 30. h6+ Kf8 31. Rxd4 Qe5 32. Rfd3 Ke7 33. Rxd5 Rxd5
34. Rxd5 Qe4 35. Rd3 Qc4 36. Qe2+ Kf6 37. Rf3+ Kg5 38. Qe5+ Kg4 39. Rg3+ 1-0

[Event "HZ Chess Tournament 2022"]
[Site "Vlissingen, Netherlands"]
[Date "2022.08.13"]
[Round "9.32"]
[White "Bakker, Jouke"]
[Black "Wiewesiek, Timo"]
[Result "0-1"]
[WhiteElo "2113"]
[BlackElo "1976"]
[PlyCount "106"]

1. e4 c6 2. d4 d5 3. e5 Bf5 4. Nd2 e6 5. Nb3 Nd7 6. Nf3 h6 7. Be2 Ne7 8. O-O g5
9. a4 Bg7 10. a5 c5 11. Nxc5 Nxc5 12. dxc5 a6 13. c3 O-O 14. Qb3 Qc7 15. Qb6
Rac8 16. Be3 Nc6 17. Qxc7 Rxc7 18. h4 g4 19. Nd4 Nxe5 20. h5 Bh7 21. Ra4 Nd3
22. Bxd3 Bxd3 23. Rd1 Be4 24. Ne2 Bc2 25. Rdd4 Bxa4 26. Rxa4 e5 27. Rxg4 f5 28.
Rg6 f4 29. Bd2 Rf6 30. Rxf6 Bxf6 31. b4 Kf7 32. f3 Ke6 33. c4 dxc4 34. Nc3 Rd7
35. Ne4 Rxd2 36. Nxd2 c3 37. Nb3 Kd5 38. b5 axb5 39. Kf2 Be7 40. Ke2 Bxc5 41.
Kd3 Bd4 42. Kc2 Kc4 43. Nc1 b4 44. Nb3 Bf2 45. Na1 Bh4 46. Nb3 Bd8 47. Na1 Bxa5
48. Nb3 Bb6 49. Nc1 Bc5 50. Nb3 b6 51. Nc1 Kd4 52. Kd1 Ke3 53. Ke1 c2 0-1

[Event "HZ Chess Tournament 2022"]
[Site "Vlissingen, Netherlands"]
[Date "2022.08.13"]
[Round "9.36"]
[White "Manshanden, Nick"]
[Black "Godding, Mick"]
[Result "1-0"]
[WhiteElo "2065"]
[BlackElo "1773"]
[PlyCount "27"]

1. d4 f5 2. Bg5 Nf6 3. Bxf6 exf6 4. e3 b6 5. Qf3 d5 6. Bd3 Qd7 7. Ne2 Na6 8. c3
c5 9. Nd2 g6 10. h4 Bb7 11. h5 Rg8 12. Nf4 O-O-O 13. hxg6 hxg6 14. Nxg6 1-0

[Event "HZ Chess Tournament 2022"]
[Site "Vlissingen, Netherlands"]
[Date "2022.08.13"]
[Round "9.37"]
[White "Arnold, Kiri"]
[Black "Coenen, Eduard"]
[Result "0-1"]
[WhiteElo "1898"]
[BlackElo "2063"]
[PlyCount "92"]

1. e4 g6 2. d4 Bg7 3. Nc3 a6 4. Be3 d6 5. Qd2 b5 6. O-O-O Nd7 7. f3 c6 8. h4 h6
9. Nh3 Qa5 10. Kb1 Rb8 11. g4 Nb6 12. Ne2 Qxd2 13. Bxd2 Nf6 14. Ng3 h5 15. g5
Nfd7 16. Bc1 c5 17. dxc5 Nxc5 18. Be3 Nca4 19. Bd4 e5 20. Bxb6 Rxb6 21. Nf2 Be6
22. Bh3 Ke7 23. Nf1 Rc6 24. Ne3 Nb6 25. Rd2 Rf8 26. Rf1 Rfc8 27. Rh1 Bf8 28.
Nfd1 Ke8 29. Nc3 Be7 30. Ncd5 Bd8 31. Nxb6 Bxb6 32. Nd5 Bd8 33. c3 a5 34. Ne3
b4 35. Bxe6 fxe6 36. c4 Bb6 37. Rd3 Bxe3 38. Rxe3 Rxc4 39. Rd3 Rd4 40. Rhd1
Rxd3 41. Rxd3 Kd7 42. a3 Kc6 43. axb4 axb4 44. Ka2 Rf8 45. Kb3 Kc5 46. Ka4 Kc4
0-1

[Event "HZ Chess Tournament 2022"]
[Site "Vlissingen, Netherlands"]
[Date "2022.08.13"]
[Round "9.38"]
[White "Le Clercq, Maxim"]
[Black "Manshanden, Dennis"]
[Result "1-0"]
[WhiteElo "2049"]
[BlackElo "1666"]
[PlyCount "43"]

1. d4 d5 2. Bf4 Nf6 3. e3 c6 4. Nd2 Bf5 5. c4 e6 6. Qb3 Qb6 7. c5 Qxb3 8. axb3
Nbd7 9. h3 Be7 10. b4 O-O 11. Ngf3 a6 12. Nb3 b5 13. Be2 Ne4 14. g4 Bg6 15. Na5
Rfc8 16. Nxc6 Rxc6 17. Bxb5 axb5 18. Rxa8+ Bf8 19. Ke2 h6 20. Rha1 Kh7 21. Rd8
Nef6 22. Raa8 1-0

[Event "HZ Chess Tournament 2022"]
[Site "Vlissingen, Netherlands"]
[Date "2022.08.13"]
[Round "9.39"]
[White "Van de Poel, Taco"]
[Black "Warnaar, Alisha"]
[Result "1-0"]
[WhiteElo "1818"]
[BlackElo "2037"]
[PlyCount "71"]

1. e4 c5 2. Nf3 d6 3. d4 cxd4 4. Nxd4 Nf6 5. Nc3 a6 6. Bg5 Nbd7 7. Qe2 h6 8.
Bh4 e6 9. O-O-O Be7 10. f4 b5 11. Nc6 Qc7 12. Nxe7 Kxe7 13. Re1 b4 14. Nd5+
exd5 15. exd5+ Kf8 16. Qe7+ Kg8 17. Bxf6 gxf6 18. Re3 Rh7 19. Bd3 Rg7 20. Bf5
Qa7 21. Qd8+ Nf8 22. Re8 Bxf5 23. Rxf8+ Kh7 24. Rh8+ Kg6 25. Qxa8 Qc5 26. Qc6
Qe3+ 27. Kb1 Qxf4 28. g3 Qd2 29. Qc4 Qg2 30. Rc1 Be4 31. Qxb4 a5 32. Qxd6 Bxd5
33. Qf4 Qh3 34. Rf1 f5 35. g4 Qxg4 36. Rxh6# 1-0

[Event "HZ Chess Tournament 2022"]
[Site "Vlissingen, Netherlands"]
[Date "2022.08.13"]
[Round "9.40"]
[White "Nellen, Marcel"]
[Black "Emans, Job"]
[Result "0-1"]
[WhiteElo "1808"]
[BlackElo "2035"]
[PlyCount "82"]

1. d4 Nf6 2. Nf3 e6 3. a3 d5 4. g3 Be7 5. Bg2 O-O 6. O-O c5 7. dxc5 Bxc5 8. b4
Be7 9. Bb2 Nbd7 10. Nbd2 Nb6 11. Rc1 Na4 12. Ba1 b5 13. Ne5 Bd7 14. c4 bxc4 15.
Ndxc4 Bb5 16. Na5 Rc8 17. Nac6 Qc7 18. Qd2 Bd6 19. Qg5 h6 20. Qe3 Nb6 21. Nd4
Bc4 22. Nb5 Qe7 23. Nxd6 Qxd6 24. Rfd1 Qe7 25. Bd4 Qc7 26. Bh3 Rfe8 27. f4 Ne4
28. Bg2 Nd6 29. g4 f6 30. Nxc4 Nbxc4 31. Qg3 Nb5 32. Rd3 Nxd4 33. Rxd4 Qb6 34.
e3 Nxa3 35. Rxc8 Rxc8 36. h4 Nc2 37. Rd3 Qxb4 38. f5 Qe1+ 39. Qxe1 Nxe1 40. Rd1
Nxg2 41. Kxg2 Kf7 0-1

[Event "HZ Chess Tournament 2022"]
[Site "Vlissingen, Netherlands"]
[Date "2022.08.13"]
[Round "9.41"]
[White "Groen, Jari"]
[Black "Lacrosse, Marc"]
[Result "1/2-1/2"]
[WhiteElo "1800"]
[BlackElo "2023"]
[PlyCount "90"]

1. e4 e5 2. Nf3 Nc6 3. Bb5 a6 4. Ba4 Nf6 5. O-O Nxe4 6. d4 Be7 7. Re1 b5 8.
Rxe4 d5 9. Nxe5 Nxe5 10. Rxe5 bxa4 11. Qe2 Be6 12. f4 Kf8 13. f5 Bd7 14. b3 Bd6
15. Rxd5 Bc6 16. Rxd6 cxd6 17. Ba3 Qf6 18. Qe5 Rd8 19. Nc3 Qg5 20. d5 Kg8 21.
Bxd6 Re8 22. Qd4 Bd7 23. Nxa4 h5 24. Qf4 Qf6 25. Rf1 Rh6 26. Ba3 Bxa4 27. Qxa4
Re2 28. Qc4 Qe5 29. Bb2 Qe3+ 30. Kh1 Qd2 31. Qd4 Qxd4 32. Bxd4 Rxc2 33. Be3 Rd6
34. Rd1 Rxa2 35. Bc5 Rd7 36. d6 Rc2 37. b4 a5 38. h3 axb4 39. Bxb4 Rc4 40. Ba3
Ra4 41. Rd3 f6 42. Kh2 Kf7 43. Kg3 g5 44. fxg6+ Kxg6 45. Kf3 Rxa3 1/2-1/2

[Event "HZ Chess Tournament 2022"]
[Site "Vlissingen, Netherlands"]
[Date "2022.08.13"]
[Round "9.42"]
[White "Lefebvre, Herve"]
[Black "Bier, Bela"]
[Result "1/2-1/2"]
[WhiteElo "2212"]
[BlackElo "1637"]
[PlyCount "51"]

1. d4 Nf6 2. c4 e6 3. Nf3 d5 4. g3 Be7 5. Bg2 O-O 6. O-O dxc4 7. Qc2 a6 8. Qxc4
b5 9. Qc2 Bb7 10. Bg5 Nbd7 11. Bxf6 Nxf6 12. Nbd2 Rc8 13. Nb3 Be4 14. Qc3 Nd5
15. Qc1 Bg6 16. Ne5 c5 17. dxc5 Qc7 18. Nxg6 hxg6 19. Rd1 Rfd8 20. e4 Nb4 21.
a3 Nd3 22. Qc2 Nxc5 23. Rxd8+ Bxd8 24. Rd1 Nxb3 25. Qxb3 Bf6 26. f4 1/2-1/2

[Event "HZ Chess Tournament 2022"]
[Site "Vlissingen, Netherlands"]
[Date "2022.08.13"]
[Round "9.43"]
[White "Boelhouwer, Collin"]
[Black "Westerweele, Henrik"]
[Result "1/2-1/2"]
[WhiteElo "2151"]
[BlackElo "1919"]
[PlyCount "144"]

1. b3 f5 2. Bb2 d6 3. Nf3 e5 4. e3 Nf6 5. c4 Be7 6. d4 e4 7. Nfd2 O-O 8. Be2 c6
9. Nc3 d5 10. Qc2 Nbd7 11. O-O-O a6 12. h3 b5 13. g4 bxc4 14. bxc4 Bb4 15. Qa4
Rb8 16. g5 Bxc3 17. Bxc3 Nb6 18. Qa5 Nfd7 19. Bb4 Re8 20. Bd6 Rb7 21. c5 Na8
22. Qxd8 Rxd8 23. Bxa6 Ra7 24. Bxc8 Rxc8 25. Kb2 Nc7 26. Bxc7 Rcxc7 27. a3 Ra6
28. Rc1 Rca7 29. Rc3 Nf8 30. Rb3 Ne6 31. h4 f4 32. Rg1 Nc7 33. h5 Nb5 34. Nb1
fxe3 35. fxe3 Rf7 36. Rg2 Rf3 37. g6 hxg6 38. Rxg6 Rf2+ 39. Ka1 Rf6 40. Rg2 Rf1
41. Ka2 Rh1 42. Rg6 Rh2+ 43. Ka1 Ra4 44. Rxc6 Rc4 45. Rb2 Rxb2 46. Kxb2 Kf7 47.
Rb6 Nxd4 48. exd4 Rxd4 49. Rb7+ Kf6 50. Rb4 e3 51. Nc3 e2 52. Nxe2 Rd2+ 53. Kc3
Rxe2 54. Rg4 Rh2 55. Rg6+ Ke5 56. Rxg7 Rxh5 57. Re7+ Kf6 58. Rd7 Ke6 59. Rd6+
Ke5 60. Kb4 Rh1 61. Kb5 Rb1+ 62. Kc6 d4 63. Kd7 Rb7+ 64. Kc8 Ra7 65. Rg6 Rxa3
66. c6 Rc3 67. Kd7 Ke4 68. Rh6 Ke3 69. c7 Rxc7+ 70. Kxc7 d3 71. Rd6 Ke2 72.
Rxd3 Kxd3 1/2-1/2

[Event "HZ Chess Tournament 2022"]
[Site "Vlissingen, Netherlands"]
[Date "2022.08.13"]
[Round "9.44"]
[White "Hari Charan Sai Kalluri"]
[Black "Hendrikse, Ad"]
[Result "1-0"]
[WhiteElo "2059"]
[BlackElo "1893"]
[PlyCount "65"]

1. d4 Nf6 2. Nf3 e6 3. c4 d5 4. Nc3 c6 5. e3 Be7 6. Be2 O-O 7. O-O Nbd7 8. b3
dxc4 9. bxc4 a6 10. a4 Qc7 11. Bb2 b6 12. Qb3 Bb7 13. e4 c5 14. d5 e5 15. Ne1
Rfe8 16. g3 Bd6 17. Ng2 g6 18. Qc2 Bf8 19. Rae1 Bg7 20. Bd1 Qd6 21. Bc1 h6 22.
f4 Kh7 23. h3 Re7 24. Rf2 Rae8 25. Bf3 Ng8 26. Ref1 Rf8 27. Bg4 Ngf6 28. Bd1
Ng8 29. h4 Ngf6 30. g4 Ne8 31. f5 gxf5 32. exf5 f6 33. g5 1-0

[Event "HZ Chess Tournament 2022"]
[Site "Vlissingen, Netherlands"]
[Date "2022.08.13"]
[Round "9.45"]
[White "Reichardt, Robin"]
[Black "Pluymert, Marcel"]
[Result "1-0"]
[WhiteElo "2054"]
[BlackElo "1889"]
[PlyCount "61"]

1. d4 d5 2. c4 e6 3. Nf3 c6 4. g3 Bd6 5. Bg2 f5 6. O-O Nf6 7. Bf4 Bxf4 8. gxf4
dxc4 9. Ne5 Nbd7 10. Nxc4 Nb6 11. Ne5 Nbd5 12. e3 O-O 13. Nd2 Nd7 14. Ndf3 Rf6
15. Qd2 Rh6 16. b4 Nxe5 17. Nxe5 g5 18. fxg5 Qxg5 19. Kh1 Qh5 20. h3 Nf6 21.
Rg1 Kf8 22. b5 Ne4 23. Qb4+ Ke8 24. Qe1 Ng5 25. Qd1 Nxh3 26. Qxh5+ Rxh5 27.
Bxh3 Rxh3+ 28. Kg2 Rh4 29. Kf3 cxb5 30. Rg8+ Ke7 31. Rc1 1-0

[Event "HZ Chess Tournament 2022"]
[Site "Vlissingen, Netherlands"]
[Date "2022.08.13"]
[Round "9.46"]
[White "Albrecht, Alex"]
[Black "Boulahfa, Hicham"]
[Result "1/2-1/2"]
[WhiteElo "1884"]
[BlackElo "2032"]
[PlyCount "20"]

1. c4 a5 2. Nc3 e5 3. g3 f5 4. Bg2 Nf6 5. d3 Bc5 6. Nh3 O-O 7. O-O Nc6 8. e3 d6
9. Kh1 h6 10. f4 Be6 1/2-1/2

[Event "HZ Chess Tournament 2022"]
[Site "Vlissingen, Netherlands"]
[Date "2022.08.13"]
[Round "9.47"]
[White "Ackermann, Frank"]
[Black "Timmermans, Adri"]
[Result "0-1"]
[WhiteElo "2012"]
[BlackElo "1840"]
[PlyCount "52"]

1. e4 e5 2. Nf3 Nc6 3. Bc4 Nf6 4. d3 Be7 5. O-O d6 6. c3 O-O 7. Re1 Kh8 8. a4
Ng8 9. b4 f5 10. b5 fxe4 11. dxe4 Na5 12. Be2 Be6 13. Nbd2 Qe8 14. Nf1 Nb3 15.
Rb1 Nxc1 16. Qxc1 Qg6 17. Qc2 Rf4 18. N1d2 Bh3 19. g3 Raf8 20. Kh1 R4f7 21. Ng1
Bg2+ 22. Kxg2 Rxf2+ 23. Kh1 Rxh2+ 24. Kxh2 Rf2+ 25. Kh3 Qh6+ 26. Kg4 Nf6# 0-1

[Event "HZ Chess Tournament 2022"]
[Site "Vlissingen, Netherlands"]
[Date "2022.08.13"]
[Round "9.48"]
[White "Sai Kiran Y"]
[Black "De Wolf, Johan"]
[Result "1/2-1/2"]
[WhiteElo "1879"]
[BlackElo "2010"]
[PlyCount "63"]

1. d4 Nf6 2. Bf4 e6 3. e3 c5 4. c3 d5 5. Nd2 Nc6 6. Ngf3 Bd6 7. Bg3 Qe7 8. Ne5
Bd7 9. Bd3 Rf8 10. O-O O-O-O 11. Rc1 Kb8 12. Qe2 Ka8 13. Rfd1 Bb8 14. Bb5 Rc8
15. Ndf3 Nxe5 16. Bxe5 c4 17. Bxd7 Qxd7 18. b3 Ne4 19. bxc4 dxc4 20. Bxg7 Rg8
21. Be5 Qd5 22. Bxb8 Kxb8 23. Ne1 Rg6 24. f3 Qh5 25. Rc2 Rh6 26. g4 Rg8 27.
fxe4 Rxg4+ 28. Kh1 Qg6 29. Nf3 Qxe4 30. Rf1 Rh3 31. Qd1 Rgg3 32. Rcf2 1/2-1/2

[Event "HZ Chess Tournament 2022"]
[Site "Vlissingen, Netherlands"]
[Date "2022.08.13"]
[Round "9.49"]
[White "Gosman, Theo"]
[Black "Leentjens, Gilbert"]
[Result "1-0"]
[WhiteElo "1997"]
[BlackElo "1810"]
[PlyCount "43"]

1. d4 Nf6 2. Nc3 d5 3. e4 e6 4. e5 Nfd7 5. Qh5 c5 6. Nf3 Nc6 7. Ng5 Qe7 8. Nb5
g6 9. Qf3 Nxd4 10. Nd6+ Kd8 11. Ngxf7+ Kc7 12. Qc3 Nxe5 13. Qxc5+ Ndc6 14. Bf4
Nxf7 15. Nf5+ e5 16. Nxe7 Bxe7 17. Qxd5 exf4 18. Qxf7 Rf8 19. Qc4 Be6 20. Qa4
Bg4 21. Bb5 Bb4+ 22. Kf1 1-0

[Event "HZ Chess Tournament 2022"]
[Site "Vlissingen, Netherlands"]
[Date "2022.08.13"]
[Round "9.50"]
[White "Molenaar, Toine"]
[Black "Van Kuijk, Vadim"]
[Result "1/2-1/2"]
[WhiteElo "1823"]
[BlackElo "1982"]
[PlyCount "45"]

1. d4 d5 2. c4 c6 3. Nf3 Nf6 4. Qb3 dxc4 5. Qxc4 b5 6. Qc2 g6 7. g3 Bf5 8. Qb3
Bg7 9. Nbd2 O-O 10. Bg2 Qb6 11. O-O Ne4 12. Nxe4 Bxe4 13. Be3 Bxf3 14. Bxf3
Bxd4 15. Bxd4 Qxd4 16. Rac1 Rc8 17. Qxb5 Nd7 18. Bxc6 Rab8 19. e3 Qd6 20. Rcd1
Qxc6 21. Qxc6 Rxc6 22. Rxd7 Ra6 23. Rxe7 1/2-1/2

[Event "HZ Chess Tournament 2022"]
[Site "Vlissingen, Netherlands"]
[Date "2022.08.13"]
[Round "9.51"]
[White "Reichardt, Gert"]
[Black "Lucas, Fred"]
[Result "1-0"]
[WhiteElo "1979"]
[BlackElo "1806"]
[PlyCount "97"]

1. e4 c5 2. a3 g6 3. b4 Bg7 4. Nc3 d6 5. Nf3 e6 6. Bb2 Ne7 7. Rb1 O-O 8. h4
cxb4 9. axb4 d5 10. e5 h5 11. d4 Nd7 12. g4 hxg4 13. Ng5 g3 14. fxg3 Nf5 15.
Qd3 Bxe5 16. dxe5 Nxe5 17. Qe2 Nc4 18. Qf2 Nxb2 19. Rxb2 Qc7 20. Ne2 Qe5 21.
Rb1 Bd7 22. Qf4 Qg7 23. Nf3 f6 24. Bh3 e5 25. Qd2 d4 26. Bxf5 Bxf5 27. O-O Rac8
28. Rbc1 Rc4 29. Kh2 Rfc8 30. c3 d3 31. Neg1 Qc7 32. Ne1 e4 33. Qh6 Qd7 34. g4
Bxg4 35. Rxf6 Bh5 36. Rxg6+ Bxg6 37. Qxg6+ Qg7 38. Qe6+ Kh8 39. Qd5 Qf6 40. Nh3
Qxh4 41. Ng2 Qf6 42. Ngf4 Qh6 43. Qe5+ Kh7 44. Qe7+ Kh8 45. Qe5+ Kh7 46. Rg1
R8c6 47. Qf5+ Kh8 48. Ng6+ Rxg6 49. Rxg6 1-0